Logo BPK

Biblioteka

Politechniki Koszalińskiej

Tempo 1 : (Rekord nr 36258)

Szczegóły MARC
000 -ETYKIETA REKORDU
podpole kontrolne o stałej długości 00579nam a2200229 i 4500
001 - NUMER KONTROLNY REKORDU
pole kontrolne bg
020 ## - MIĘDZYNARODOWY ZNORMALIZOWANY NUMER KSIĄŻKI - ISBN
ISBN 2278044249
040 ## - ŹRÓDŁO KATALOGOWANIA
Instytucja, która utworzyła rekord BPK
041 0# - KOD JĘZYKA
Kod języka tekstu fr
080 ## - UNIWERSALNA KLASYFIKACJA DZIESIĘTNA - UKD
UKD 811.133.1(07)
920 ## - Międzynarodowy znormalizowany numer książki – ISBN
ISBN 2-278-04424-9
008 - POLE O STAŁEJ DŁUGOŚCI - DANE KONTROLNE
podpole kontrolne o stałej długości s pl f |000 0 pol
100 1# - NAZWA OSOBOWA
Nazwa osobowa BÈRARD, Èvelyne1
245 ## - TYTUŁ/ODPOWIEDZIALNOŚĆ
Tytuł Tempo 1 :
Ciąg dalszy tytułu cahier d'exercices.
260 ## - STREFA ADRESU WYDAWNICZEGO
Miejsce wydania Paris :
Nazwa wydawcy/dystrybutora Hatier :
-- Didier,
Data publikacji, dystrybucji/powstania dokumentu cop.1997.
300 ## - STREFA OPISU FIZYCZNEGO
Objętość 127 s. ;
Rozmiary 28 cm.
650 ## - HASŁO PRZEDMIOTOWE W FORMIE NAZWY OGÓLNEJ LUB JEDNOSTKOWEJ
Nazwa ogólna lub geograficzna Język francuski
655 ## - TERMIN INDEKSOWY - OKREŚLENIE RODZAJU/FORMY DOKUMENTU
Określenie rodzaju/formy dokumentu Ćwiczenia i zadania
700 1# - HASŁO DODATKOWE - NAZWA OSOBOWA
Nazwa osobowa CANIER, Yves
700 1# - HASŁO DODATKOWE - NAZWA OSOBOWA
Nazwa osobowa LAVENNE, Christian
942 ## - DODATKOWE ELEMENTY (KOHA)
Typ dokumentu Książka
Egzemplarze
Wycofany Status egzemplarza Uszkodzony Dostępność Lokalizacja stała Lokalizacja bieżąca Miejsce przechowywania Sygnatura Kod kreskowy Typ dokumentu Dział
      Dostępny Biblioteka Politechniki Koszalińskiej Biblioteka Politechniki Koszalińskiej Wypożyczalnia BG 50137 01431452 Książka  
      Dostępny Biblioteka Politechniki Koszalińskiej Biblioteka Politechniki Koszalińskiej Wypożyczalnia BG 50138 01431445 Książka  
      Tylko na miejscu Biblioteka Politechniki Koszalińskiej Biblioteka Politechniki Koszalińskiej Czytelnia Wydziałowa ul. Kwiatkowskiego 6e 50139 01431438 Książka 811.133.1 Język francuski
© 2023 Biblioteka Politechniki Koszalińskiej :: KOHA